| 000 | 01326cam a22002895a 4500 | ||
|---|---|---|---|
| 001 | L160131 | ||
| 008 | 180724s2018 xxk f 000 0 eng d | ||
| 035 | _a(Sirsi) u160131 | ||
| 041 | 0 | _aeng | |
| 100 | 1 | _aWanigarathna, Nadeeshani | |
| 245 | 0 | 0 |
_aBuilding Information Modelling to support healthcare built asset management _h[electronic resources] |
| 260 |
_aLondon _bRICS _c2018 |
||
| 490 | 0 | _aRICS Research | |
| 520 | _aEach year, England?s NHS spends billions of pounds to maintain its estates. This research investigates how Building Information Modelling (BIM) can provide benefit by demonstrating the links between built asset maintenance spend and added value to the organisational performance. The research uses a comprehensive literature review and a case study of an NHS hospital to achieve the research aim. | ||
| 590 | _aKA | ||
| 650 | 2 | 4 |
_aBIM _96219 |
| 650 | 2 | 4 | _aNHS ESTATES |
| 651 | 4 | _aENGLAND AND WALES | |
| 690 |
_aFacilities management _96240 |
||
| 700 | 1 | _aJones, Keith | |
| 700 | 1 | _aBell, Adrian | |
| 700 | 1 | _aDesai, Api | |
| 700 | 1 | _aKapogiamis, Georgios | |
| 700 | 1 | _aMadmudul, Hasan | |
| 856 | 4 | 0 |
_uhttps://www.isurv.com/downloads/download/2234/building_information_modelling_to_support_healthcare_built_asset_management _zArchived on isurv (subscription required) |
| 942 |
_n0 _2ddc |
||
| 999 |
_c116243 _d116243 |
||